| 000 | 00761nam a22001937a 4500 | ||
|---|---|---|---|
| 005 | 20240530110446.0 | ||
| 008 | 150428s2012 ua a g b 000 0 ara d | ||
| 017 |
_a2012/2968 _bمصر . دار الكتب المصرية |
||
| 040 | _aEG-CaGPL | ||
| 082 | 0 | 4 |
_221 _a398.2\ _bس م |
| 100 | 0 | _aسليمان العطار . | |
| 245 | 1 | 2 |
_aالموتيف فى الادب الشعبى و الفردى : _bنحو منهجية جديدة / _cسليمان العطار . |
| 260 |
_aالقاهرة : _bالهيئة المصرية العامة للكتاب ، _c2012. |
||
| 300 |
_a264 ص ؛ _c24 سم. |
||
| 650 | 0 | 4 |
_aالموتيف _xالادب الشعبى. |
| 650 | 0 | 4 | _aالادب الشعبى. |
| 942 |
_2ddc _cBK |
||
| 999 |
_c61155 _d61155 |
||